MARC details
| 000 -LEADER |
| fixed length control field |
01837cam a2200457 a 4500 |
| 001 - CONTROL NUMBER |
| control field |
22000 |
| 003 - CONTROL NUMBER IDENTIFIER |
| control field |
VRT |
| 005 - DATE AND TIME OF LATEST TRANSACTION |
| control field |
20260317144638.0 |
| 006 - FIXED-LENGTH DATA ELEMENTS--ADDITIONAL MATERIAL CHARACTERISTICS |
| fixed length control field |
aa c 00 f |
| 008 - FIXED-LENGTH DATA ELEMENTS--GENERAL INFORMATION |
| fixed length control field |
251031s2007 xo a c 000 f slo |
| 015 ## - NATIONAL BIBLIOGRAPHY NUMBER |
| National bibliography number |
SNBA2007/07-03055 |
| 020 ## - INTERNATIONAL STANDARD BOOK NUMBER |
| International Standard Book Number |
9788080890537 |
| Qualifying information |
(viaz.) |
| 039 #9 - LEVEL OF BIBLIOGRAPHIC CONTROL AND CODING DETAIL [OBSOLETE] |
| Level of rules in bibliographic description |
202510310918 |
| Level of effort used to assign nonsubject heading access points |
VLOAD |
| Level of effort used to assign subject headings |
202403141519 |
| Level of effort used to assign classification |
VLOAD |
| Level of effort used to assign subject headings |
201605201046 |
| Level of effort used to assign classification |
msnk115 |
| Level of effort used to assign subject headings |
200901260845 |
| Level of effort used to assign classification |
mtotk02 |
| 040 ## - CATALOGING SOURCE |
| Original cataloging agency |
POKPOH |
| Language of cataloging |
slo |
| Transcribing agency |
POKPOH |
| Modifying agency |
SNK |
| Description conventions |
AACR2 |
| 041 1# - LANGUAGE CODE |
| Language code of text/sound track or separate title |
slo |
| Language code of original |
ger |
| 044 ## - COUNTRY OF PUBLISHING/PRODUCING ENTITY CODE |
| MARC country code |
xo |
| ISO country code |
SK |
| 072 #7 - SUBJECT CATEGORY CODE |
| Subject category code |
821.112.2-3 |
| Subject category code subdivision |
Nemecká próza, nemecky písaná |
| Source |
konspekt |
| 072 #7 - SUBJECT CATEGORY CODE |
| Subject category code |
821-93 |
| Subject category code subdivision |
Literatúra pre deti a mládež |
| Source |
konspekt |
| 080 ## - UNIVERSAL DECIMAL CLASSIFICATION NUMBER |
| Universal Decimal Classification number |
821.112.2-32 |
| Edition identifier |
2001 |
| 080 ## - UNIVERSAL DECIMAL CLASSIFICATION NUMBER |
| Universal Decimal Classification number |
821-93 |
| Edition identifier |
2001 |
| 100 1# - MAIN ENTRY--PERSONAL NAME |
| Personal name |
Kessel, Carola von |
| Relationship |
aut |
| 240 14 - UNIFORM TITLE |
| Uniform title |
Die total verhexte Reitschule, Band 2: Kamera ab auf Rösselsburg |
| Language of a work |
Slovensky |
| 245 10 - TITLE STATEMENT |
| Title |
Čarodejnice z jazdeckej školy |
| Number of part/section of a work |
[2.] |
| Name of part/section of a work |
Boj o hlavnú úlohu |
| Statement of responsibility, etc. |
Carola von Kesselová ; [z nemeckého originálu ... preložila Martina Vankúšová] |
| 246 30 - VARYING FORM OF TITLE |
| Title proper/short title |
Boj o hlavnú úlohu |
| 250 ## - EDITION STATEMENT |
| Edition statement |
1. vyd. |
| 260 ## - PUBLICATION, DISTRIBUTION, ETC. |
| Place of publication, distribution, etc. |
Bratislava |
| Name of publisher, distributor, etc. |
Fragment |
| Date of publication, distribution, etc. |
2007 |
| 300 ## - PHYSICAL DESCRIPTION |
| Extent |
122 s. |
| Other physical details |
ilustr. |
| Dimensions |
19 cm |
| Accompanying material |
červená fólia v tvare magickej hviezdy |
| 500 ## - GENERAL NOTE |
| General note |
Ilustr. na predsádkach |
| 500 ## - GENERAL NOTE |
| General note |
Údaj o poradí časti prevzatý z rubu titul. listu z originálneho názvu |
| 521 ## - TARGET AUDIENCE NOTE |
| Target audience note |
Určené pre čitateľky od 9 rokov |
| 655 #7 - INDEX TERM--GENRE/FORM |
| Genre/form data or focus term |
nemecké príbehy |
| Source of term |
SNKPH |
| 655 #7 - INDEX TERM--GENRE/FORM |
| Genre/form data or focus term |
publikácie pre deti |
| Source of term |
SNKPH |
| 655 #7 - INDEX TERM--GENRE/FORM |
| Genre/form data or focus term |
príbehy o koňoch |
| Source of term |
SNKPH |
| 655 #7 - INDEX TERM--GENRE/FORM |
| Genre/form data or focus term |
dievčenské príbehy |
| Source of term |
SNKPH |
| 700 1# - ADDED ENTRY--PERSONAL NAME |
| Personal name |
Vankúšová, Martina |
| Relationship |
trl |
| 942 ## - ADDED ENTRY ELEMENTS (KOHA) |
| Source of classification or shelving scheme |
Dewey Decimal Classification |
| Koha item type |
Krásna literatúra pre deti |
| Suppress in OPAC |
No |
| 949 ## - LOCAL PROCESSING INFORMATION (OCLC) |
| 6 |
17A0551984 |
| a |
snkSD 76545/2 |
| b |
snk2007/12513 |
| o |
1154/07 |
| 949 ## - LOCAL PROCESSING INFORMATION (OCLC) |
| 6 |
17A0551983 |
| a |
snkSD 76545/2 D1 |
| b |
snk2007/12514 |
| o |
1154/07 |
| 949 ## - LOCAL PROCESSING INFORMATION (OCLC) |
| 6 |
273K0460396 |
| a |
svkpoA 199181 |
| b |
svkpo499104 |
| 949 ## - LOCAL PROCESSING INFORMATION (OCLC) |
| 6 |
2889106825 |
| a |
savukPV 10772 |
| b |
savuk2007/2671 |